=LDR 00000nam 2200000 4500 =001 NUTBA000000000003245 =005 20140811130328.0 =006 =007 =008 =020 ##$$a 978-979-8433-56-9 =035 ##$$a 0010-081400000000089 =040 ##$$a NBPDMAT =082 ##$$a 647 =090 ##$$a 647$bGaf c =100 ##$$a Gaffar, Vanessa =245 ##$$a CRM dan MPR hotel$cVanessa Gaffar =260 ##$$a Bandung$bAlfabe$c2007. =300 ##$$a vi,174nhlm.$bilus$c22 cm. =650 ##$$a Hotel =850 ##$$a NBPDMAT =990 ##$$a 21006334 =990 ##$$a 0001/BPAP-NTB/20142014